Top Poultry Consuming Countries Per-Capita - Statistics

General Stats
  • This quiz has been taken 188 times
  • The average score is 8 of 20
Answer Stats
# kg. Answer % Correct
6 55.68 United States
98%
20 39.02 Canada
93%
11 47.65 Australia
75%
10 48.03 Brazil
72%
18 42.42 Argentina
70%
2 67.39 Israel
41%
16 43.36 Saudi Arabia
40%
15 43.47 United Arab Emirates
36%
13 46.25 Kuwait
29%
9 51.1 Jamaica
25%
19 39.21 Malaysia
24%
17 43.17 Bahamas
22%
5 55.77 Saint Kitts and Nevis
22%
4 56.69 Saint Lucia
22%
12 46.78 Barbados
20%
14 45.7 Grenada
20%
1 72.31 Saint Vincent and the Grenadines
20%
8 54.1 Antigua and Barbuda
19%
7 54.54 Trinidad and Tobago
19%
3 64.77 Samoa
12%
No matching quizzes found
Score Distribution
Percent of People with Each Score
Percentile by Number Answered
Your Score History
You have not taken this quiz